000 00700nam a2200193Ii 4500
003 JO-AjNU
008 230605s9999||||xx |||||||||||||| ||und||
040 _aJO-AjNU
_bara
_erda
_cJO-AjNU
041 _aara
050 1 4 _aPJ7507.Q32 1982
100 3 _aالبغدادي، قدامة,
_eauthor
_97724
245 0 0 _aكتاب النقد النثر لأبي الفرج قدامة بن جعفر الكاتب البغدادي
264 3 1 _aبيروت: دار الكتب العلمية،1982
300 _a153ص
336 _atext
_btxt
_2rdacontent
337 _aunmediated
_bn
_2rdamedia
338 _avolume
_bnc
_2rdacarrier
650 4 _aالنثر العربي-تاريخ ونقد-نقد النثر
_97725
999 _aA425
_c3993
_d3993